Państwa i Miasta w Hardcore nie Hardcore - Statystyki

Ogólne statystyki
  • Ten quiz został rozwiązany 10 razy
    8 od ostatniego zresetowania
  • Średni wynik to 15 z 18
Statystyki odpowiedzi
Hint Odpowiedź % Poprawnych
Państwo Cesarstwo Orzeźwienia
100%
Miasto Drimciowice
100%
Państwo Imperium Anserlandzkie
100%
Państwo Królestwo Szmaragdowic
100%
Państwo Księstwo Drimciowic
100%
Miasto Szmaragdowice
100%
Miasto Eszczarodziejowice
80%
Miasto Marutowice
80%
Miasto Netherland
80%
Miasto Oaza
80%
Państwo Republika Eszczarodziejowic
80%
Państwo Stany Zjednoczone Marutowic
80%
Wieś Wieś Rybacka
80%
Miasto Miasto Bobrów
60%
Miasto Mostkołostad
60%
Miasto Nowa Dania
60%
Miasto Nowe Przyrzekowice
60%
Miasto Przyrzekowice
60%
Nie znaleziono quizów pasujących do podanych kryteriów
Rozkład punktacji
Procent ludzi z każdym wynikiem
Percentyl według liczby udzielonych odpowiedzi
Twoja historia wyników
Nie rozwiązałeś tego quizu od ostatniego zresetowania